000 00373nam a2200145Ia 4500
008 230711s9999||||xx |||||||||||||| ||und||
041 _aENG
082 _a621.3
_bBI-G
100 _aBimbhra,P.S
245 0 _aGeneralized theory of electrical machines
250 _a5th Ed.
260 _c2000
_aNew Delhi
_bKhanna Publishers
650 _aElectrical Engineering
942 _cBK
999 _c3774
_d3774